MDQL
is popping MORE tags! Check the
thread
!
Quizzes
Events
Quiz Creation
Community
Videos
Private Events
Remove Ads
Sign In
Join for FREE
Feedback
Dark Mode
Quiz Categories
Sports
Geography
Music
Movies
Television
Just For Fun
Miscellaneous
History
Literature
Language
Science
Gaming
Entertainment
Religion
Holiday
For Kids
Quiz Lab
Recent
Popular Today
Quiz Kudos Today
Editor Picks
Curator Picks
Quizzes by...
Day
Popularity
Type
Ratings
Length
Year
Community
Subscriptions
Recent Discussions
Orange Saloon
Badges
Playlists
Quests
Create
Leaderboards
Showdown
Live 5
Trivia Bingo
Activity
Puzzle Library
Sporcle Events
Private Events
Virtual Trivia
Globe League
Become a Host
Pub Owners
SporcleCon
Opinionation
Our Games
Videos
Blog
Mobile Apps
Partnerships
Remove Ads and Go Orange
Feedback
History
US Presidents
World Leaders
Politics
Nation
Discovery
War
Decade
Year
Century
Biography
Art
History
US Presidents
World Leaders
Politics
Nation
Discovery
War
Decade
Year
Century
Biography
Art
Random Quiz
Search Sporcle
×
Quiz Lab
Quiz Lab
History
United States
Type in answers that appear in a list
Type in answers that appear in a list
Classic
Best Score? Go Orange.
Little Known Presidential Facts Stats
Can you name the little known facts about our U.S. Presidents
By
elfatso9
7m
43 Questions
84 Plays
84 Plays
84 Plays
Comments
Comments
Give Quiz Kudos
Give Quiz Kudos
-
- Ratings
hide this ad
More Info
Forced Order
Answers have to be entered in order
Answers have to be entered in order
Random Order
Randomize order of answers
Randomize order of answers
Replay
Link that replays current quiz
Next Quiz
Link to next quiz in quiz playlist
You Got
0%
They Got
Avg Score
43%
Avg Friend Score
Upgrade to see
Score Distribution
Jump to the score distribution portion of the page
Score
0/43
Timer
07:00
0
Plays Today
Question
President
% Correct
Which President is the 1st to have a Facebook?
Barack Obama
77.4%
Which President resigned from office?
Richard Nixon
76.2%
Which President was the 1st to live in the White House?
John Adams
69%
Which President refused to eat broccoli publicly?
George H.W. Bush
66.7%
Which President was the 1st to die in office?
William Henry Harrison
65.5%
Which President is the only bachelor?
James Buchanan
64.3%
Which President was the 1st to appear on TV?
Franklin Roosevelt
64.3%
Which President was the 1st to serve in the Supreme Court?
William Howard Taft
63.1%
Which President was the 1st to have a beard?
Abraham Lincoln
60.7%
Which President always had a jar of jelly beans on his desk?
Ronald Reagan
57.1%
Which President was the 1st to fly on a plane?
Theodore Roosevelt
54.8%
Which President was a Rhodes scholar?
Bill Clinton
53.6%
Which President was the 1st to appear on a postage stamp?
George Washington
52.4%
Which President had 15 children?
John Tyler
52.4%
Which President was the 1st to be sworn in by a woman?
Lyndon B. Johnson
51.2%
Which President was the 1st to be born in a hospital?
Jimmy Carter
51.2%
Which President was the last to serve has an officer in the Revolutionary War?
James Monroe
44%
Which President had his daughter have her senior prom at the White House?
Gerald Ford
42.9%
Which President was the 1st to father twins?
George W. Bush
42.9%
Which President got a speeding ticket while riding a horse?
Ulysses S. Grant
41.7%
Which President was the 1st to use electricity in the White House?
Benjamin Harrison
40.5%
Which President was taught by his wife to read and write?
Andrew Johnson
39.3%
Question
President
% Correct
Which President had a putting green instaled on the White House lawn?
Dwight D. Eisenhower
39.3%
Which President was the 1st to regularly wear trousers instead of knee britches?
James Madison
38.1%
Which President was the 1st to use a phone in the White House?
Rutherford B. Hayes
38.1%
Which President was the 1st to speak over a radio?
Warren Harding
38.1%
Which President had the Baby Ruth candy bar named after his daughter?
Grover Cleveland
36.9%
Which President named his son George Washington?
John Quincy Adams
34.5%
Which President was the 1st to travel underwater in a modern submarine?
Harry Truman
34.5%
Which President was the 1st to be a Boy Scout?
John F. Kennedy
34.5%
Which President rode his horse sidesaddle into battle?
Zachary Taylor
33.3%
Which President owned 80 pairs of pants?
Chester A. Arthur
33.3%
Which President wore a red carnation for good luck?
William McKinley
31%
Which President was the 1st to have his inauguration reported by telegraph?
James Polk
28.6%
Which President had his grandson born in the White House?
Thomas Jefferson
27.4%
Which President was the 1st to be born in the U.S.A.?
Martin Van Buren
27.4%
Which President was the 1st to ride a train?
Andrew Jackson
26.2%
Which President established the 1st permanent library in the White House?
Millard Fillmore
26.2%
Which President had an electric horse installed in his White House bedroom?
Calvin Coolidge
25%
Which President was the 1st to have an asteroid named after him?
Herbert Hoover
23.8%
Which President was the 1st to hold a press conference?
Woodrow Wilson
22.6%
Which President juggled clubs to build up his muscles?
James A. Garfield
21.4%
Which President always insisted grace be said before a meal?
Franklin Pierce
17.9%
Quiz Playlist
Details
Report
Send in Message
Add To Playlist
More Info:
All answers are TRUE!!
Classic:
Type in answers that appear in a list
Forced Order:
Answers have to be entered in order
Random Order:
Randomize order of answers
Last Updated: Feb 16, 2017
Quiz Scoreboard
CHALLENGE
Sign Up to Join the Scoreboard
Show All
Scores
Hide
Comments
May contain spoilers
Recently Published
Image Sorting: Flags VI
by Barbecue
Geography
2m
Find the 'City' Movie
by crazypaving
Movies
60s
Colored Red Africa Blitz
by spor1
Geography
45s
More to Explore
Quiz From the Vault
Featured Blog Post
14 Easter Pick-up Lines to Find Eggs With
hide this ad
You Might Also Like...
Tags
United States Quiz
Known
little
President
Today's Top Quizzes in History
Browse History
hide this ad
Today's Top Quizzes in United States
Browse United States
Top Contributed Quizzes in History
1
I Am Born On March 29th
2
Order Up: 1000 Years of World Events I
3
US National Parks Named After People
4
Popular People in 1951
5
Popular People in 1991
6
Popular People in 1941
7
Popular People in 1986
8
Popular People in 1981
9
Popular People in 1921
10
Popular People in 1976
Explore More
Trending Topics
Harry Potter
Marvel
Disney
Kpop
Crossword
Anime
NBA
Song
The Office
Country
WWE
Puzzle
Pokémon
NFL
Soccer
hide this ad
More By:
elfatso9
Quiz
Plays
Rating
Category
Featured
Created
NBA Top Rebounders of the Decade (2010-2019)
2,223
4.40
Sports
Mar 3, 2019
'White Iverson' Basketball Players
880
3.33
Music
Sep 8, 2017
U.S. States: Richest to Poorest (2011)
552
2.50
Geography
Oct 1, 2013
Fast Food Restraunts
511
3.33
Miscellaneous
Sep 13, 2013
Call of Duty Games
440
2.11
Gaming
Sep 13, 2013
Go to Creator's Profile
Score Distribution
Quiz Creator Spotlight
elfatso9
Follow
Send a Message
Quizzes Created
-
Created Quiz Play Count
-
More By This Creator
Popular Quizzes Today
1
Colored Red Africa Blitz
2
Find the US States - No Outlines Minefield
3
Find the 'City' Movie
4
5x2 Blitz: Bands
5
The Countries of the World
6
Find the US States
7
Find the Countries of Europe - No Outlines Minefield
8
US States
More History Quizzes
In Memoriam: 2008
Published
Trending Quizzes
Colored Red Europe Blitz I
Colored Red Europe Blitz II
Colored Red Africa Blitz II
Colored Red Europe Blitz III
Colored Red Africa Blitz III
Recently Updated
How Do You Spell That?
pecheneg
Godzilla Movies
pecheneg
Grab Bag: 4-10 Letters
pecheneg
2024 March Madness Bracket
pecheneg
Famous TV Couples
Peacemaker
Champions League XIs: Real Madrid
pecheneg
Largest US Cities 1790-2010
pecheneg
Rides in Walt Disney World
pecheneg
Most Oscar Losses (Acting)
pecheneg
Beyoncé Albums
pecheneg
Trending Topics
Crossword
Kpop
Marvel
Disney
NBA
Anime
Harry Potter
The Office
Soccer
NFL
Puzzle
WWE
Pokémon
Song
Country
Your Account Isn't Verified!
In order to create a playlist on Sporcle, you need to verify the email address you used during registration. Go to your
Sporcle Settings
to finish the process.
Report this User
Report this user for behavior that violates our
Community Guidelines
.
Details:
Send Report
Go to the Sporcle.com Mobile Site →
Comments